000 00579nam a22001697a 4500
999 _c60969
_d60969
005 20231130150238.0
008 231130s1966 ru ||||| |||| 00| 0 rus d
041 _arus
080 _a572.4 Р-47
100 _aРешетов, Ю.Г.
_920532
245 _aПрирода Земли и происхождение человека /
_cЮ.Г Решетов.
264 _aМосква:
_bМысль,
_c1966.
300 _a375 с.
_b21 см.
653 _aევოლუცია
653 _aადამიანის წარმოშობა
942 _2udc
_cᲬᲘᲒᲜᲘ